000
00285nam a22001337a 4500
008
171020b xxu||||| |||| 00| 0 eng d
020
_a
9780138132552
041
_a
eng
080
_2
2ND
_a
338
100
_a
54
101
_a
MIS
245
_a
USING MIS
_c
KROENKE,D.M
942
_2
udc
_c
BK
999
_c
35072
_d
35072